Loading...
| Literature - American | 0 | 6 | 1 | 0 | 55 | 92 | 117.50 | 0 | 2 | 0.00 | 0.00 |
| Literature - European | 0 | 6 | 1 | 0 | 55 | 62 | 101.33 | 1 | 3 | 0.00 | 0.00 |
| Science - Chemistry | 0 | 5 | 0 | 1 | 50 | 51 | 79.20 | 0 | 2 | 0.00 | 0.00 |
| Literature - World | 0 | 6 | 2 | 1 | 50 | 82 | 116.83 | 0 | 3 | 0.00 | 0.00 |
| Literature - British | 0 | 6 | 3 | 0 | 45 | 69 | 106.83 | 1 | 2 | 0.00 | 0.00 |
| Science - Physics | 0 | 4 | 1 | 0 | 35 | 85 | 102.50 | 1 | 2 | 0.00 | 0.00 |
| Science - Other | 0 | 3 | 0 | 1 | 30 | 102 | 114.00 | 0 | 1 | 0.00 | 0.00 |
| Mythology | 0 | 3 | 0 | 0 | 30 | 102 | 117.67 | 0 | 2 | 0.00 | 0.00 |
| Philosophy | 0 | 3 | 1 | 1 | 25 | 91 | 120.33 | 0 | 0 | 0.00 | 0.00 |
| Fine Arts - Painting and Sculpture | 0 | 2 | 0 | 0 | 20 | 52 | 76.00 | 0 | 1 | 0.00 | 0.00 |
| Other Academic | 0 | 1 | 0 | 0 | 10 | 100 | 100.00 | 0 | 0 | 0.00 | 0.00 |
| History - European | 0 | 1 | 0 | 1 | 10 | 83 | 83.00 | 0 | 0 | 0.00 | 0.00 |
| History - Other | 0 | 1 | 0 | 1 | 10 | 117 | 117.00 | 0 | 0 | 0.00 | 0.00 |
| Religion | 0 | 1 | 1 | 0 | 5 | 131 | 131.00 | 0 | 0 | 0.00 | 0.00 |
| Fine Arts - Other | 0 | 1 | 1 | 1 | 5 | 104 | 104.00 | 0 | 0 | 0.00 | 0.00 |
| Fine Arts - Classical Music | 0 | 0 | 1 | 0 | -5 | 0.00 | 0 | 0 | 0.00 | 0.00 | |
| History - World | 0 | 0 | 1 | 0 | -5 | 0.00 | 0 | 0 | 0.00 | 0.00 | |
| Science - Biology | 0 | 0 | 3 | 0 | -15 | 0.00 | 0 | 0 | 0.00 | 0.00 |